[Event "World Cup 2023 Open"]
[Site "Baku, Azerbaijan"]
[Date "????.??.??"]
[Round "2.8"]
[White "Santos Latasa Jaime (ESP)"]
[Black "Yangching Wei Austin (TPE)"]
[Result "1-0"]
[WhiteFideId "2293307"]
[BlackFideId "16300440"]
[WhiteElo "2656"]
[BlackElo "2212"]

1. d4 {[%clk 01:30:57]} {[%emt 00:00:02]} Nf6 {[%clk 01:30:38]} {[%emt
00:00:22]} 2. c4 {[%clk 01:31:16]} {[%emt 00:00:12]} e6 {[%clk 01:30:55]}
{[%emt 00:00:13]} 3. Nc3 {[%clk 01:27:53]} {[%emt 00:03:53]} Bb4 {[%clk
01:31:05]} {[%emt 00:00:20]} 4. e3 {[%clk 01:28:07]} {[%emt 00:00:16]} c5
{[%clk 01:29:42]} {[%emt 00:01:53]} 5. Nge2 {[%clk 01:27:25]} {[%emt 00:01:12]}
b6 {[%clk 01:27:08]} {[%emt 00:03:05]} 6. a3 {[%clk 01:27:39]} {[%emt
00:00:16]} Ba5 {[%clk 01:27:06]} {[%emt 00:00:32]} 7. d5 {[%clk 01:26:01]}
{[%emt 00:02:07]} Bb7 {[%clk 01:19:25]} {[%emt 00:08:11]} 8. Bd2 {[%clk
01:24:14]} {[%emt 00:02:16]} O-O {[%clk 01:10:03]} {[%emt 00:09:53]} 9. e4
{[%clk 01:12:42]} {[%emt 00:12:01]} exd5 {[%clk 01:00:45]} {[%emt 00:09:50]} 10.
exd5 {[%clk 01:11:28]} {[%emt 00:01:42]} d6 {[%clk 00:59:26]} {[%emt 00:01:49]}
11. Ng3 {[%clk 01:06:22]} {[%emt 00:05:35]} a6 {[%clk 00:39:49]} {[%emt
00:20:08]} 12. Be2 {[%clk 01:05:05]} {[%emt 00:01:47]} b5 {[%clk 00:37:49]}
{[%emt 00:02:30]} 13. b3 {[%clk 01:05:27]} {[%emt 00:00:07]} Nbd7 {[%clk
00:35:02]} {[%emt 00:03:18]} 14. O-O {[%clk 01:05:37]} {[%emt 00:00:19]} bxc4
{[%clk 00:31:20]} {[%emt 00:04:13]} 15. bxc4 {[%clk 01:05:52]} {[%emt
00:00:14]} Ne5 {[%clk 00:31:39]} {[%emt 00:00:12]} 16. Qc2 {[%clk 01:04:01]}
{[%emt 00:02:21]} Bc8 {[%clk 00:30:54]} {[%emt 00:01:15]} 17. f4 {[%clk
01:01:40]} {[%emt 00:02:50]} Ng6 {[%clk 00:29:32]} {[%emt 00:01:53]} 18. Bd3
{[%clk 01:01:41]} {[%emt 00:00:29]} Re8 {[%clk 00:25:47]} {[%emt 00:04:15]} 19.
h3 {[%clk 00:54:34]} {[%emt 00:07:38]} Bd7 {[%clk 00:22:57]} {[%emt 00:03:20]}
20. Rab1 {[%clk 00:51:40]} {[%emt 00:03:22]} Rb8 {[%clk 00:22:37]} {[%emt
00:00:51]} 21. Rxb8 {[%clk 00:49:27]} {[%emt 00:02:43]} Qxb8 {[%clk 00:23:05]}
{[%emt 00:00:02]} 22. Kh2 {[%clk 00:48:27]} {[%emt 00:01:29]} Qd8 {[%clk
00:21:46]} {[%emt 00:01:50]} 23. Nge2 {[%clk 00:44:49]} {[%emt 00:04:07]} Bg4
{[%clk 00:18:01]} {[%emt 00:04:15]} 24. Ng1 {[%clk 00:42:52]} {[%emt 00:02:27]}
Kh8 {[%clk 00:12:38]} {[%emt 00:05:53]} 25. Bc1 {[%clk 00:42:09]} {[%emt
00:01:12]} Bd7 {[%clk 00:05:59]} {[%emt 00:07:11]} 26. Nf3 {[%clk 00:41:53]}
{[%emt 00:00:44]} Nh5 {[%clk 00:04:51]} {[%emt 00:01:39]} 27. Ne2 {[%clk
00:36:58]} {[%emt 00:05:25]} Qe7 {[%clk 00:03:19]} {[%emt 00:02:02]} 28. g3
{[%clk 00:31:39]} {[%emt 00:05:50]} Bf5 {[%clk 00:02:23]} {[%emt 00:01:26]} 29.
Bxf5 {[%clk 00:31:33]} {[%emt 00:00:35]} Qxe2+ {[%clk 00:02:51]} {[%emt
00:00:02]} 30. Rf2 {[%clk 00:31:56]} {[%emt 00:00:07]} Qe7 {[%clk 00:02:37]}
{[%emt 00:00:45]} 31. Bd3 {[%clk 00:31:32]} {[%emt 00:00:54]} Qd7 {[%clk
00:00:34]} {[%emt 00:02:32]} 32. Re2 {[%clk 00:30:49]} {[%emt 00:01:12]} Kg8
{[%clk 00:00:32]} {[%emt 00:00:34]} 33. Qd1 {[%clk 00:28:36]} {[%emt 00:02:43]}
Kf8 {[%clk 00:00:34]} {[%emt 00:00:29]} 34. Ng5 {[%clk 00:27:55]} {[%emt
00:01:11]} Nf6 {[%clk 00:00:34]} {[%emt 00:00:30]} 35. Bb2 {[%clk 00:27:52]}
{[%emt 00:00:33]} h6 {[%clk 00:00:31]} {[%emt 00:00:33]} 36. Bxf6 {[%clk
00:22:20]} {[%emt 00:06:01]} Rxe2+ {[%clk 00:00:34]} {[%emt 00:00:27]} 37. Qxe2
{[%clk 00:22:36]} {[%emt 00:00:14]} gxf6 {[%clk 00:01:02]} {[%emt 00:00:02]} 38.
Ne4 {[%clk 00:21:46]} {[%emt 00:01:20]} Kg7 {[%clk 00:00:32]} {[%emt 00:01:00]}
39. Qc2 {[%clk 00:20:28]} {[%emt 00:01:47]} Bd8 {[%clk 00:00:32]} {[%emt
00:00:30]} 40. Nf2 {[%clk 00:20:32]} {[%emt 00:00:26]} h5 {[%clk 00:00:32]}
{[%emt 00:00:31]} 41. h4 {[%clk 00:20:44]} {[%emt 00:00:17]} Qe8 {[%clk
00:29:08]} {[%emt 00:01:53]} 42. Kg2 {[%clk 00:49:06]} {[%emt 00:02:08]} f5
{[%clk 00:24:08]} {[%emt 00:05:31]} 43. Bxf5 {[%clk 00:49:11]} {[%emt
00:00:25]} Qe3 {[%clk 00:23:59]} {[%emt 00:00:39]} 44. Qd3 {[%emt 00:03:01]}
Qe1 {[%clk 00:23:13]} 45. Ne4 {[%clk 00:44:06]} {[%emt 00:04:19]} Ba5 {[%clk
00:18:58]} {[%emt 00:04:47]} 46. Bxg6 {[%clk 00:43:21]} {[%emt 00:01:16]} fxg6
{[%clk 00:19:08]} {[%emt 00:00:19]} 47. f5 {[%clk 00:43:35]} {[%emt 00:00:16]}
gxf5 {[%clk 00:16:52]} {[%emt 00:02:47]} 48. Nxd6 {[%clk 00:43:54]} {[%emt
00:00:10]} f4 {[%clk 00:17:15]} {[%emt 00:00:07]} 49. gxf4 {[%clk 00:42:45]}
{[%emt 00:01:38]} Bd2 {[%clk 00:17:08]} {[%emt 00:00:38]} 50. Qg3+ {[%clk
00:41:57]} {[%emt 00:01:18]} 1-0